Chambers of commerce in India (Record no. 20772)

MARC details
000 -LEADER
fixed length control field 00307nam a2200121Ia 4500
082 ## - DEWEY DECIMAL CLASSIFICATION NUMBER
Classification number 331.105.424
Item number NAM
100 ## - MAIN ENTRY--AUTHOR NAME
Personal name NAMJOSHI, M V
245 #0 - TITLE STATEMENT
Title Chambers of commerce in India
260 ## - PUBLICATION, DISTRIBUTION, ETC. (IMPRINT)
Place of publication Poona
Name of publisher Gokhale Inst
Year of publication 1967
700 ## - ADDED ENTRY--PERSONAL NAME
Personal name SABADE, B R
942 ## - ADDED ENTRY ELEMENTS (KOHA)
Koha item type Books
Holdings
Withdrawn status Lost status Damaged status Not for loan Home library Current library Date acquired Full call number Accession Number Koha item type
        RRII Library RRII Library 16/12/2021 331.105.424 NAM 01493 Books